00560nam a2200157 a 450000100100000000500170001000800410002704000250006810000300009324500710012326000400019430000210023459000250025595201050028099900170038500004766220201002060649.0180716s2004 dr 000 spa d aDO-SdBNPbspacBNPHU1 aRodríguez, Lizet975270 0aEspañol IV : módulo del y la estudiante. /cLizet Rodríguez. aSanto Domingo :bCentenario,c2004. a112 p. ;c28 cm. aInventariado,2018/DG 0010718PDaPDbPDcHDd2018-07-16iLF1l0o p47662-10r2020-06-25w2020-06-25yLFPDZNo se presta c47150d47150